| 000 | 00477nam a2200205Ia 4500 | ||
|---|---|---|---|
| 005 | 20240823043923.0 | ||
| 008 | 240823s9999||||xx |||||||||||||| ||und|| | ||
| 020 | _a81-297-0809-4 | ||
| 041 | _aENGLISH | ||
| 082 | _A658.4092 P5 | ||
| 100 | _aMukul Pandya | ||
| 245 | 0 | _aLasting Leadership | |
| 250 | _a1st | ||
| 260 |
_c2005 _bWharton School Publi |
||
| 500 | _aTRANSFERED | ||
| 650 |
_aGeneral _bGeneral |
||
| 700 | _a Robbie Shell | ||
| 942 | _cBK | ||
| 999 |
_c211352 _d211352 |
||